| 000 | 01324 a2200229 4500 | ||
|---|---|---|---|
| 001 | 63371 | ||
| 005 | 20260407155931.0 | ||
| 008 | 260407a1969 arg spa d | ||
| 003 | AR-UNSa-BCEJYS | ||
| 040 |
_aAR-UNSa-BCEJYS _bspa _cAR-UNSa-BCEJYS |
||
| 080 |
_a510 _xConsideraciones fundamentales y generales de las matemáticas |
||
| 245 | 1 | 0 |
_aMatemática finita _pCon aplicaciones a las ciencias administrativas |
| 264 | 1 |
_aMéxico : _bTrillas _c1969 |
|
| 300 |
_a476 p. _c23 cm. |
||
| 505 | _a1. Proposiciones – 2. Conjuntos – 3. Conteo: permutaciones y combinaciones – 4. Probabilidad – 5. Relaciones y funciones – 6. Desigualdades e introducción a la programación lineal – 7. Ecuaciones lineales, matrices y determinantes – 8. Algunas relaciones no lineales: graficas, cuadráticas, exponenciales y logarítmicas – 9. Sucesiones, límites y sumación – 10. Espacios vectoriales, matrices, dependencia lineal y bases – 11. El rango, las ecuaciones lineales; su solución general – 12. Método simplicial de programación lineal: teoría – 13. Método simplicial de programación lineal: aplicación – | ||
| 041 | _aspa | ||
| 942 | _cBK | ||
| 590 | _aniveau_biblio:m niveau_hierar:0 | ||
| 100 | 1 | _aKattsoff, Louis O. | |
| 700 | 1 | _aSimone, Albert J. | |
| 700 | 1 | _aVelasco Coba, Federico | |
| 999 |
_c8155 _d8155 |
||